Quick Pick: Saint Nick Flicks Quiz Stats

Quiz Updated Dec 24, 2017

Challenge
Share
Tweet
Embed
Score 0/8 Timer 01:00
7 Plays Today
% Correct
Christmas Vacation (1989)
92.8%
Scrooged (1988)
91.6%
The Santa Clause (1994)
91.6%
The Nightmare Before Christmas (1993)
91.5%
Elf (2003)
91.1%
A Christmas Story (1983)
88.1%
Jingle All the Way (1996)
85.9%
Krampus (2015)
81.4%

Today's Daily Dose

Missing Word
For Dummies Books

Word Ladder
Ariana Grande

Quick Pick
1970s Authors

On This Day
June 21st II

You're not logged in!

Compare scores with friends on all Sporcle quizzes.
Join for Free
OR
Log In

You Might Also Like...

Show Comments

Extras

Top Quizzes Today


Score Distribution

Your Account Isn't Verified!

In order to create a playlist on Sporcle, you need to verify the email address you used during registration. Go to your Sporcle Settings to finish the process.

Report this User

Report this user for behavior that violates our Community Guidelines.

Details: